ბათუმის შოთა რუსთაველის სახელმწიფო უნივერსიტეტის ბიბლიოთეკა

Экономика машиностроительной промышленности. (ბიბ.ჩანაწერი № 42559)

000 -LEADER
fixed length control field 00722nam a2200217Ia 4500
001 - CONTROL NUMBER
control field 9258
003 - CONTROL NUMBER IDENTIFIER
control field GE_BSU
008 - FIXED-LENGTH DATA ELEMENTS--GENERAL INFORMATION
fixed length control field 181216s||||||||xx |||||||||||||| ||und||
040 ## - CATALOGING SOURCE
Transcribing agency GE_BSU
080 ## - UNIVERSAL DECIMAL CLASSIFICATION NUMBER
Universal Decimal Classification number 621
100 ## - MAIN ENTRY--PERSONAL NAME
Personal name Левитский,П.А. Мосин,В.Н. Яковлев,А.И.
245 ## - TITLE STATEMENT
Title Экономика машиностроительной промышленности.
245 ## - TITLE STATEMENT
Remainder of title Учебное пособие.
245 ## - TITLE STATEMENT
Statement of responsibility, etc. Ред. М.Н.Демченко.
260 ## - PUBLICATION, DISTRIBUTION, ETC.
Place of publication, distribution, etc. М.
260 ## - PUBLICATION, DISTRIBUTION, ETC.
Name of publisher, distributor, etc. Машиностроение.
260 ## - PUBLICATION, DISTRIBUTION, ETC.
Date of publication, distribution, etc. 1980.
300 ## - PHYSICAL DESCRIPTION
Extent 272 стр. с илл. 20см.
653 ## - INDEX TERM--UNCONTROLLED
Uncontrolled term Экономика машиностроительной промышленности.
942 ## - ADDED ENTRY ELEMENTS (KOHA)
Koha item type წიგნი
ეგზემპლარები
Withdrawn status Lost status Damaged status Not for loan Date acquired Barcode Date last seen Price effective from Koha item type
        2018-12-17 10156 2018-12-17 2018-12-17 წიგნი